ABC's of short-wave listening.

Bibliographic Details
Main Author: Buckwalter, Len
Format: Book
Language:English
Published: Indianapolis : H. W. Sams, [1970]
Edition:[3d ed.].
Subjects:

MARC

Tag First Indicator Second Indicator Subfields
LEADER 00000cam a2200000 4500
001 in00000095708
005 20150925085547.0
008 710520s1970 inua 00100 eng
010 |a  72128119  
035 |a (OCoLC)00142327 
035 |9 AAL1925AM 
037 |c 2.95 
040 |a DLC  |c DLC  |d TXA  |d UtOrBLW 
049 |a TXAM  |c [1143728] 
050 0 0 |a TK6553  |b .B79 1970 
082 0 |a 621.384/166 
100 1 |a Buckwalter, Len. 
245 1 0 |a ABC's of short-wave listening. 
250 |a [3d ed.]. 
264 1 |a Indianapolis :  |b H. W. Sams,  |c [1970] 
300 |a 96 pages :  |b illustrations ;  |c 22 cm. 
336 |a text  |b txt  |2 rdacontent 
337 |a unmediated  |b n  |2 rdamedia 
338 |a volume  |b nc  |2 rdacarrier 
650 0 |a Shortwave radio  |x Receivers and reception. 
999 |a MARS 
999 f f |s 127f1c4e-6df6-3fdf-b637-c24d0eefbdab  |i fe96e46b-3ddf-321e-ae39-4e59078c3db5  |t 0 
952 f f |p ric  |a Texas A&M University  |b Rellis Campus  |c Joint Library Facility  |d Remote Storage  |t 0  |e TK6553 .B79 1970  |h Library of Congress classification  |i unmediated -- volume  |m A14805486119 
998 f f |a TK6553 .B79 1970  |t 0  |l Remote Storage